|
|
|
|
| LEADER |
02684nam a22004935i 4500 |
| 001 |
978-3-319-20952-4 |
| 003 |
DE-He213 |
| 005 |
20160130031244.0 |
| 007 |
cr nn 008mamaa |
| 008 |
151105s2016 gw | s |||| 0|eng d |
| 020 |
|
|
|a 9783319209524
|9 978-3-319-20952-4
|
| 024 |
7 |
|
|a 10.1007/978-3-319-20952-4
|2 doi
|
| 040 |
|
|
|d GrThAP
|
| 050 |
|
4 |
|a HB1-846.8
|
| 072 |
|
7 |
|a KCA
|2 bicssc
|
| 072 |
|
7 |
|a BUS069030
|2 bisacsh
|
| 082 |
0 |
4 |
|a 330.1
|2 23
|
| 245 |
1 |
4 |
|a The Making of Experimental Economics
|h [electronic resource] :
|b Witness Seminar on the Emergence of a Field /
|c edited by Andrej Svorenčík, Harro Maas.
|
| 250 |
|
|
|a 1st ed. 2016.
|
| 264 |
|
1 |
|a Cham :
|b Springer International Publishing :
|b Imprint: Springer,
|c 2016.
|
| 300 |
|
|
|a VII, 245 p. 10 illus., 1 illus. in color.
|b online resource.
|
| 336 |
|
|
|a text
|b txt
|2 rdacontent
|
| 337 |
|
|
|a computer
|b c
|2 rdamedia
|
| 338 |
|
|
|a online resource
|b cr
|2 rdacarrier
|
| 347 |
|
|
|a text file
|b PDF
|2 rda
|
| 505 |
0 |
|
|a A Witness Seminar on the Emergence of Experimental Economics -- The Very Beginnings -- The Growth of a Community -- Funding -- Knowledge and Skills -- Laboratories -- History and Future -- Episodes from the Early History of Experimentation in Economics -- Biographies of Participants.
|
| 520 |
|
|
|a This book is the transcript of a witness seminar on the history of experimental economics, in which eleven high-profile experimental economists participated, including Nobel Laureates Vernon Smith, Reinhard Selten and Alvin Roth. The witness seminar was constructed along four different topics: skills, community, laboratory, and funding. The transcript is preceded by an introduction explaining the method of the witness seminar and its specific set-up, and resuming its results. The participants' contribution and their lively discussion provide a wealth of insights into the emergence of experimental economics as a field of research. .
|
| 650 |
|
0 |
|a Game theory.
|
| 650 |
|
0 |
|a Economic history.
|
| 650 |
|
0 |
|a Economic theory.
|
| 650 |
|
0 |
|a Social sciences.
|
| 650 |
1 |
4 |
|a Economics.
|
| 650 |
2 |
4 |
|a Economic Theory/Quantitative Economics/Mathematical Methods.
|
| 650 |
2 |
4 |
|a Game Theory, Economics, Social and Behav. Sciences.
|
| 650 |
2 |
4 |
|a Methodology/History of Economic Thought.
|
| 650 |
2 |
4 |
|a Methodology of the Social Sciences.
|
| 700 |
1 |
|
|a Svorenčík, Andrej.
|e editor.
|
| 700 |
1 |
|
|a Maas, Harro.
|e editor.
|
| 710 |
2 |
|
|a SpringerLink (Online service)
|
| 773 |
0 |
|
|t Springer eBooks
|
| 776 |
0 |
8 |
|i Printed edition:
|z 9783319209517
|
| 856 |
4 |
0 |
|u http://dx.doi.org/10.1007/978-3-319-20952-4
|z Full Text via HEAL-Link
|
| 912 |
|
|
|a ZDB-2-ECF
|
| 950 |
|
|
|a Economics and Finance (Springer-41170)
|